La Hage: aquarelles et récits

Kaydedildi:
Detaylı Bibliyografya
Asıl Yazarlar: Eve, Jean-Loup (Yazar), Decoin, Didier (Yazar)
Materyal Türü: Kitap
Dil:Fransızca
Baskı/Yayın Bilgisi: Aquarelles 2004
Konular:
Etiketler: Etiketle
Etiket eklenmemiş, İlk siz ekleyin!

MARC

LEADER 00000cam a2200000 a 4500
001 UCG2902
003 CL-VaPUC
008 100729e20041100fr |||||||||||||||||fre|d
020 |a 2950971954 
082 0 4 |a 751.422  |b EVE  |2 21 
100 0 |a Eve, Jean-Loup  |e author  |9 551559 
700 0 |a Decoin, Didier  |e author  |9 551560 
245 1 3 |a La Hage: aquarelles et récits 
300 |a 120 p 
942 |c BK 
945 |d 20100729 00:00:00  |a mfarfan 
260 |b Aquarelles  |c 2004 
650 0 |a Pinturas  |9 347968 
650 0 |a Acuarelas  |9 372676 
650 0 |a Cuentos  |9 308079 
583 |a last modification  |c 20140813 04:01:53  |k Rodrigo Vera 
999 |c 342004  |d 342002